000 00751nam a2200181 a 4500
003 0
005 20250411110144.0
008 060802s19uu xx 00 eng d
050 _aPHS BR 115.S6
_b.T36 2006
100 _aTamargo, Keizha Beatrix.
245 _aThe Beneficial effects of the selected religious groups on the lives of the less fortunate people in Parañaque /
_cKeizha Beatrix Tamargo.
260 _aLas Piñas City, Philippines :
_bSouthville International School and Colleges,
_c2006.
300 _a43 pages :
_billustrations ;
_c28 cm.
504 _aIncludes bibliographical references.
650 _aChurch work with the poor
_vPhilippines
_xParañaque.
650 _aChristianity and social problems
_zPhilippines.
942 _2lcc
_cPASS
999 _c97671
_d97671